000 00422nam a2200157Ia 4500
008 230312s9999||||xx |||||||||||||| ||und||
020 _a8175542284
082 _a004.678
_bARM
100 _aArmstrong Steven
245 0 _a30 Minutes to master the internet
260 _bKogan page
_aIndia
_c2003
300 _a64
546 _aEng.
650 _aComputer
_vE mail, How to use the www. Building a web business
942 _cBK
999 _c3550
_d3550